Breaking dishes-lyrics - Statistics

General Stats
  • This quiz has been taken 14 times
  • The average score is 81 of 125
Answer Stats
Answer Anwers Answers % Correct
a he man
100%
a see breaking
100%
a give i
100%
a If i
100%
I tonight don't
100%
i man and
100%
i man this
100%
I the blow
100%
I I'm I'ma
100%
I your blow
100%
I I'm house
100%
I and breaking
100%
I I'm a
100%
I up man
100%
I in a
100%
I night man
100%
I I breaking
100%
I I i
100%
I think i
100%
I'm and I'ma
92%
I'm don't man
92%
I'm I'ma breaking
92%
I'm a breaking
92%
I'm I'ma breaking
92%
I'm man i
92%
been tested I
83%
been believe until
83%
been is a
83%
don't I'ma come
83%
don't I'm blow
83%
don't killin blow
83%
don't roastin house
83%
don't man i
83%
man a i
83%
man you i
83%
you man and
83%
you come blow
83%
you know this
83%
you the breaking
83%
you round man
83%
breaking a i
75%
fight dont't i
75%
fight now i
75%
gon something a
75%
gon know i
75%
he I'm getting uh-huh
75%
all man i
67%
am a blow
67%
am door this
67%
am clothes this
67%
am what dishes
67%
am I'm I'm
67%
am burning breaking
67%
am is dishes
67%
am your up
67%
am attire in
67%
am I'm here
67%
am getting all
67%
am restless night
67%
dishes man i
67%
lights but i
67%
nigh oh i
67%
police am i
67%
see I i
67%
think a puff
67%
think throught this
67%
think bleachin oh
67%
think fire dishes
67%
until you i
67%
and I'm man
58%
here a i
58%
I've in man
58%
know fight I'ma
58%
know still this
58%
know time this
58%
know marshmallows down
58%
lately out police
58%
stop who i
58%
tonight damn i
58%
who a Huff
58%
who waiting oh
58%
who you blow
58%
who on dishes
58%
at every lights
50%
comin he's I
50%
cool checks a
50%
fool cheating a
50%
gone and ain't
50%
home always see
50%
home man i
50%
I'ma I i
50%
I'ma right i
50%
it to a
50%
since I gon
50%
super never fight
50%
up a i
50%
3:30 can't stop
42%
3:30 night uh-huh
42%
ain't breaking man
42%
ain't here man
42%
ain't ain't breaking
42%
ain't dont i
42%
but man man
42%
come a i
42%
get else man
42%
in man i
42%
baby looking a
33%
hot know a
33%
kickin fight breaking
33%
names tonight breaking
33%
now I a
33%
now throw man
33%
takin man breaking
33%
twisted all a
33%
babe a i
25%
bit police breaking
25%
flame a i
25%
just I breaking
25%
well until breaking
25%
won't for fight
25%
demented gon breaking
17%
huh stop breaking
17%
huh lights breaking
17%
on fight breaking
17%
trippin dishes a
17%
No matching quizzes found
Score Distribution
Percent of People with Each Score
Percentile by Number Answered
Your Score History
You have not taken this quiz